Click an Ed Quiz Stats

 Plays Quiz Updated May 13, 2015

Also try: Click a Rick
Challenge
Share
Tweet
Embed
Score 0/20 Timer 03:00
0 Plays Today
% Correct
Murphy
97.1%
Kennedy
84.1%
Norton
82%
Turner
79.7%
Manet
77.9%
Van Halen
74.5%
Munch
73.9%
Vedder
70.4%
Sullivan
69%
Sheeran
67.9%
% Correct
Murrow
56.8%
Kelly
46.7%
Robinson
45.1%
Heath
44.6%
Teach
44%
Elgar
43.7%
Jenner
42%
Woodward
37.6%
Smith
37.5%
Lear
33.9%

You're not logged in!

Compare scores with friends on all Sporcle quizzes.
OR
Log In

You Might Also Like...

Show Comments

Extras

Top Quizzes Today


Score Distribution

Your Account Isn't Verified!

In order to create a playlist on Sporcle, you need to verify the email address you used during registration. Go to your Sporcle Settings to finish the process.

Report this User

Report this user for behavior that violates our Community Guidelines.

Details: